| 000 -LEADER |
| fixed length control field |
nam a22 a 4500 |
| 005 - DATE AND TIME OF LATEST TRANSACTION |
| control field |
20170417153628.0 |
| 008 - FIXED-LENGTH DATA ELEMENTS--GENERAL INFORMATION |
| fixed length control field |
170417t2010 ne ||||| |||| 00| 0 eng d |
| 020 ## - INTERNATIONAL STANDARD BOOK NUMBER |
| International Standard Book Number |
9789041128515 |
| 040 ## - CATALOGING SOURCE |
| Original cataloging agency |
AKMAL |
| 082 ## - DEWEY DECIMAL CLASSIFICATION NUMBER |
| Classification number |
336.2714094 QUI |
| 090 ## - LOCALLY ASSIGNED LC-TYPE CALL NUMBER (OCLC); LOCAL CALL NUMBER (RLIN) |
| Classification number (OCLC) (R) ; Classification number, CALL (RLIN) (NR) |
336.2714094 |
| Local cutter number (OCLC) ; Book number/undivided call number, CALL (RLIN) |
QUI |
| 245 00 - TITLE STATEMENT |
| Title |
Quick reference to European VAT compliance / |
| Statement of responsibility, etc. |
Kluwer Law International. |
| 246 3# - VARYING FORM OF TITLE |
| Title proper/short title |
Quick reference to European value-added tax compliance |
| 260 ## - PUBLICATION, DISTRIBUTION, ETC. |
| Place of publication, distribution, etc. |
Alphen aan den Rijn, The Netherlands : |
| Name of publisher, distributor, etc. |
Kluwer Law International, |
| Date of publication, distribution, etc. |
2010 |
| 300 ## - PHYSICAL DESCRIPTION |
| Dimensions |
28cm |
| 500 ## - GENERAL NOTE |
| General note |
Description based on: 2010 issue. |
| 650 0# - SUBJECT ADDED ENTRY--TOPICAL TERM |
| Source of heading or term |
|
| Topical term or geographic name entry element |
Value-added tax |
| Form subdivision |
Handbooks, manuals, etc. |
| General subdivision |
Law and legislation |
| Geographic subdivision |
European Union countries |
| 9 (RLIN) |
265 |
| 710 2# - ADDED ENTRY--CORPORATE NAME |
| Corporate name or jurisdiction name as entry element |
Kluwer Law International (Firm) |
| 9 (RLIN) |
266 |
| 710 2# - ADDED ENTRY--CORPORATE NAME |
| Corporate name or jurisdiction name as entry element |
Wolters Kluwer Law & Business (Firm) |
| 9 (RLIN) |
267 |
| 710 2# - ADDED ENTRY--CORPORATE NAME |
| Corporate name or jurisdiction name as entry element |
Deloitte (Firm) |
| 9 (RLIN) |
268 |
| 710 2# - ADDED ENTRY--CORPORATE NAME |
| Corporate name or jurisdiction name as entry element |
Deloitte (Firm). |
| Subordinate unit |
European Compliance Centre. |
| 9 (RLIN) |
269 |
| 710 2# - ADDED ENTRY--CORPORATE NAME |
| Corporate name or jurisdiction name as entry element |
Deloitte Global Tax Center (Europe) |
| 9 (RLIN) |
270 |
| 942 ## - ADDED ENTRY ELEMENTS (KOHA) |
| Source of classification or shelving scheme |
|
| Koha item type |
Book |
| 950 ## - LOCAL HOLDINGS (RLIN) |
| Permanent shelving location, LOC (RLIN) |
AKMAL |